000 00443nam a2200181Ia 4500
001 4051
005 20260306145727.0
008 260306t2006||||xx |||||||||||||| ||spa||
041 _aESP
082 _a306.85
_bH12 Nº 13
100 _aPolaino Lorente, Aquilino
_eAUT
245 0 _aCómo prevenir el consumo de drogas
260 _c2006
300 _a258 páginas :
_c19 cm.
650 _aGEN
654 _aCED
942 _cLIB
_dJUS
_fJUS
_2ddc
_n
999 _c4051
_d4051